000 00803nam a22002417a 4500
003 dpl
005 20120207133034.0
008 120207t xxu||||| |||| 00| 0 eng d
010 _aB-61355
020 _a8120318870
_c225.00
035 _aB-61355
037 _bDBAD / PUB
040 _aDPL
_bENG
_c0
082 1 4 _a005.3
100 _aPeebles, P.J.E.
_941085
245 1 _aQuantum mechanics /
_cby P.J.E. Peebles
260 _aNew Delhi
_bPrentice-Hall of India
_c2001
270 _aM-97, Connaught Circus,
_bNew Delhi
_e110 001
300 _axiv, 419p.
_c20cms
500 _aIncludes index
942 _adpl
_cEN
_k530.12 / JAI
_2ddc
_h005.3
_mPEE
999 _c62177
_d62177